WWE Royal Rumble - Qui a éliminé les Hardy Boys ? - Statistiques

Statistiques générales
  • Ce quiz a été pris 187 fois
  • Le résultat moyen est 8 sur 14
Statistiques - réponses
Rumble Éliminé par % Correct
2002 Undertaker
88%
2002 Undertaker
88%
2007 Edge
85%
2010 Kane
84%
2007 Randy Orton
84%
2003 Brock Lesnar
70%
2001 Jeff Hardy
61%
2001 Matt Hardy
61%
2018 Bray Wyatt
60%
2019 Braun Strowman
42%
2021 Dolph Ziggler
28%
2003 Rob Van Dam
21%
2006 Viscera
12%
2004 René Duprée
7%
Aucun quiz correspondant
Distribution des résultats
% des personnes avec chaque résultat
Percentile par nombre de réponses
Votre historique - résultats
Vous n’avez pas pris ce quiz